08茨城県の市町村(選択形式) - Statistics

General Stats
  • This quiz has been taken 20 times
  • The average score is 30 of 44
Answers on the Map
Answers color-coded by a green-red scale on the quiz's map according to % correct below.
 
Answer Stats
Answer % Correct
16:つくば市
89%
13:笠間市
84%
18:鹿嶋市
84%
01:水戸市
79%
04:古河市
79%
11:高萩市
79%
31:つくばみらい市
79%
34:大洗町
79%
35:城里町
79%
42:五霞町
79%
02:日立市
74%
06:結城市
74%
10:常陸太田市
74%
17:ひたちなか市
74%
19:潮来市
74%
20:守谷市
74%
28:神栖市
74%
30:鉾田市
74%
36:東海村
74%
37:大子町
74%
03:土浦市
68%
12:北茨城市
68%
14:取手市
68%
15:牛久市
68%
24:坂東市
68%
33:茨城町
68%
43:境町
68%
05:石岡市
63%
07:龍ケ崎市
63%
21:常陸大宮市
63%
23:筑西市
63%
25:稲敷市
63%
27:桜川市
63%
29:行方市
63%
38:美浦村
63%
44:利根町
63%
08:下妻市
58%
09:常総市
58%
22:那珂市
58%
32:小美玉市
58%
41:八千代町
58%
26:かすみがうら市
53%
39:阿見町
53%
40:河内町
53%
No matching quizzes found
Score Distribution
Percent of People with Each Score
Percentile by Number Answered
Your Score History
You have not taken this quiz